000 00655nam a2200241Ia 4500
003 OSt
005 20220926011211.0
006 a|||||r|||| 00| 0
007 ta
008 220923b |||||||| |||| 00| 0 eng d
037 _cGeneral Book
040 _aRTL
_cRTL
_beng
041 _2eng
_aeng
082 _aS, K3
100 _aLewis Donald J
245 0 _aScientific principles of psychology
260 _aNew Jersey
_bPrentice-Hall
_c1963
300 _axi,580p
_ccm.
500 _aBibliography: P 542-50; Glossary: P. 557-67
650 _aPsychology
942 _hS, K3
_cGB
_2CC
999 _c619339
_d619339